000 02645ngm a2200445 4500
003 dpl
005 20100311131823.0
007 DVD
008 ||||||sp199 xxu|||||c ||| 00| 0 ng d
010 _aDVD-006324-6330
024 _c99.00
_aSHE 1184 F2
035 _aDVD-006324-6330
040 _aDPL
_cDPL
082 _aDVD FIFT
245 _a15 Park Avaenue
_cBipin Kumar Vohra & SPS Films Presents
_h[videorecording] VCD/
246 _aFifteen Park Avenue
260 _bShemaroo Home Entertainment
300 _a2 videodisc VCD;
_bsd., col. ;
_c4 3/4 in.
_fVCD
440 _aShemaroo Home Entertainment
500 _aFrom the Director of 36 Chowringhee Lane & Mr. Mrs. Iyer
538 _aDolby Digital 5.1 - Hindi Subtitles: English
538 _aNTSC Format-All Regions, 16x9 Anamorphic (2:23.1 Aspect Ratio), Dual Layer
650 _aMotion Picture
700 _aVohra, Bipin Kumar
700 _aShrama, Konkona Sen
700 _aAzmi, Shabana
700 _aBose, Rahul
700 _aKawaljit Singh
700 _aShah, Shefali
700 _aRehmaan, Waheeda
942 _cCF
_2ddc
_hDVD
_mFIFT
999 _c34588
_d34588